00451nam a22001097a 4500082000800000100001900008245015900027260003600186300001200222700004900234856005800283 a200 aUllah, Shaheed aThe Combine Usage of Bloated Slate, Stone Dust and Plastic Waste for the Production of Structural and Non-structural Lightweight Concrete /cShaheed Ullah aIslamabad :bMCE - NUST,c2017. a81 p. ; aSupervisor: Lt Col Dr Muhammad Maqbool Sadiq u http://10.250.8.41:8080/xmlui/handle/123456789/11830